000 00256nam a2200121Ia 4500
008 230303s9999 xx 000 0 und d
041 _aeng
082 _a808.543 RAN
100 _aRAND (AYN)
245 _aAnthem
260 _bsignet books
365 _cRS
999 _c178830
_d178830